000 00584cam a22002053a 4500
001 35479
003 PGUSA
005 20140828083750.0
008 110304s2011||||xxu|||||s|||||000 | eng d
040 _aPGUSA
_beng
042 _adc
245 1 0 _aSongs and Ballads of the Southern People :
_b1861-1865
_h[electronic resource]
260 _bProject Gutenberg,
_c2011
506 _aPublic domain in the USA.
516 _aElectronic text
700 1 _aMoore, Frank,
_d1823-1904
830 0 _aProject Gutenberg
_v35479
856 4 0 _uhttp://www.gutenberg.org/ebooks/35479
942 _cEB
999 _c264734
_d264734